[Event "GER-ch U25-C"]
[Site "Willingen"]
[Date "2023.06.03"]
[Round "9"]
[White "Meyer, Henry Paul"]
[Black "Boeker, Maximilian"]
[Result "0-1"]
[WhiteElo "1337"]
[BlackElo "969"]
[PlyCount "96"]
[EventDate "2023.05.27"]
[EventType "swiss"]
[EventRounds "9"]
[EventCountry "GER"]
[SourceTitle "CBM 214 Extra"]
[Source "ChessBase"]
[SourceDate "2023.07.31"]
[SourceVersion "1"]
[SourceVersionDate "2023.07.31"]
[SourceQuality "1"]

1. d4 d5 2. c4 dxc4 3. e3 e5 4. Bxc4 exd4 5. exd4 Nf6 6. Nf3 Bd6 7. 0-0 0-0 8. Re1 a6 9. Nc3 b5 10. Bd3 Bb7 11. Bg5 h6 12. Bh4 Nbd7 13. Ne4 Bxe4 14. Bxe4 Rb8 15. Bc6 Nb6 16. Ne5 Bxe5 17. dxe5 Qxd1 18. Raxd1 Nh7 19. Be7 Rfc8 20. e6 fxe6 21. Rxe6 Nf8 22. Re4 Ng6 23. Bb4 Rd8 24. Rxd8+ Rxd8 25. Re8+ Rxe8 26. Bxe8 Ne5 27. f4 Nd3 28. Be7 Nd5 29. Bh4 N5xf4 30. b3 g5 31. Bg3 Ne2+ 32. Kf1 Nxg3+ 33. hxg3 Nc1 34. a4 bxa4 35. Bxa4 Kf8 36. Ke1 Nd3+ 37. Kd2 Nc5 38. Kc3 Nxa4+ 39. bxa4 Ke7 40. Kb4 Kd6 41. Ka5 c5 42. Kxa6 c4 43. Kb7 c3 44. a5 c2 45. a6 c1Q 46. a7 Qc6+ 47. Kb8 Kd7 48. a8Q Qc7# 0-1

[Event "GER-ch U25-C"]
[Site "Willingen"]
[Date "2023.05.31"]
[Round "6"]
[White "Neininger, Pascal"]
[Black "Meyer, Henry Paul"]
[Result "0-1"]
[WhiteElo "1156"]
[BlackElo "1337"]
[PlyCount "108"]
[EventDate "2023.05.27"]
[EventType "swiss"]
[EventRounds "9"]
[EventCountry "GER"]
[SourceTitle "CBM 214 Extra"]
[Source "ChessBase"]
[SourceDate "2023.07.31"]
[SourceVersion "1"]
[SourceVersionDate "2023.07.31"]
[SourceQuality "1"]

1. e4 c5 2. Nc3 e6 3. g3 Ne7 4. Bg2 d5 5. exd5 exd5 6. d3 Be6 7. Nge2 Ng6 8. 0-0 Nc6 9. Nf4 Nxf4 10. Bxf4 Be7 11. Re1 0-0 12. Qe2 Re8 13. h3 Qd7 14. Kh2 a6 15. Qh5 Rad8 16. Bg5 Bxg5 17. Qxg5 Nb4 18. Re2 b6 19. a3 d4 20. Ne4 Nd5 21. Qh4 f6 22. Nd2 Bf7 23. Re4 Bg6 24. Rxe8+ Rxe8 25. Bf3 Qf5 26. Bxd5+ Qxd5 27. Qf4 Re2 28. Kg1 h6 29. Rc1 Qf5 30. Qxf5 Bxf5 31. g4 Bg6 32. Nc4 Re6 33. b4 b5 34. Na5 c4 35. dxc4 bxc4 36. Nxc4 Rc6 37. Nb2 Rxc2 38. Rxc2 Bxc2 39. Kf1 f5 40. a4 fxg4 41. hxg4 Kf7 42. b5 axb5 43. a5 Be4 44. Ke2 Ke7 45. Nd3 Kd6 46. f3 Bd5 47. Nb4 Bc4+ 48. Kd2 g6 49. Nc2 d3 50. Nb4 h5 51. Nxd3 Bxd3 52. Kxd3 h4 53. a6 Kc6 54. Ke2 b4 0-1

[Event "GER-ch U25-C"]
[Site "Willingen"]
[Date "2023.05.30"]
[Round "4"]
[White "Wilke, Ronja"]
[Black "Meyer, Henry Paul"]
[Result "1-0"]
[WhiteElo "1145"]
[BlackElo "1337"]
[PlyCount "57"]
[EventDate "2023.05.27"]
[EventType "swiss"]
[EventRounds "9"]
[EventCountry "GER"]
[SourceTitle "CBM 214 Extra"]
[Source "ChessBase"]
[SourceDate "2023.07.31"]
[SourceVersion "1"]
[SourceVersionDate "2023.07.31"]
[SourceQuality "1"]

1. e4 c5 2. Nf3 d6 3. c3 Nf6 4. Be2 Bd7 5. d3 Nc6 6. 0-0 g6 7. Bg5 Bg7 8. Nbd2 0-0 9. Re1 b5 10. d4 Qb6 11. e5 dxe5 12. dxe5 Ng4 13. Bf1 Rfe8 14. Bf4 Rad8 15. h3 Nh6 16. Qe2 a6 17. Ne4 Be6 18. Qe3 Nf5 19. Qxc5 Qb7 20. Ned2 Na5 21. Be3 Nxe3 22. Qxe3 Rd7 23. Ne4 Rd5 24. Nc5 Qb6 25. Nxe6 Qxe6 26. b3 Rc8 27. Rac1 Rd7 28. Ng5 Qd5 29. e6 1-0

[Event "GER-ch U25-C"]
[Site "Willingen"]
[Date "2023.05.28"]
[Round "1"]
[White "Meyer, Henry Paul"]
[Black "Lau, Lars"]
[Result "1-0"]
[WhiteElo "1337"]
[BlackElo "1244"]
[PlyCount "93"]
[EventDate "2023.05.27"]
[EventType "swiss"]
[EventRounds "9"]
[EventCountry "GER"]
[SourceTitle "CBM 214 Extra"]
[Source "ChessBase"]
[SourceDate "2023.07.31"]
[SourceVersion "1"]
[SourceVersionDate "2023.07.31"]
[SourceQuality "1"]

1. d4 g6 2. e4 Bg7 3. c4 d6 4. Nc3 e5 5. Nf3 Nc6 6. d5 Nce7 7. Bd3 Bg4 8. h3 Bxf3 9. Qxf3 h6 10. Be3 Nf6 11. 0-0-0 Qd7 12. Bc2 0-0 13. Rdg1 g5 14. Ne2 Ng6 15. g3 a5 16. Qf5 Ne7 17. Qxd7 Nxd7 18. f4 gxf4 19. gxf4 exf4 20. Bxf4 Ng6 21. Be3 Nde5 22. b3 a4 23. Nd4 axb3 24. Bxb3 Nd3+ 25. Kb1 Bxd4 26. Bxd4 Kh7 27. Rg3 Ndf4 28. Bd1 Rg8 29. Rf1 Rae8 30. Rxg6 fxg6 31. Rxf4 Rgf8 32. Rxf8 Rxf8 33. Kb2 Rf4 34. Bc2 Rh4 35. c5 Kg8 36. c6 bxc6 37. dxc6 Rxh3 38. a4 Rh5 39. Bb3+ Kf8 40. Bd5 Rh2+ 41. Kb3 Rh3+ 42. Kb4 Rf3 43. a5 Ke7 44. Bg7 Kd8 45. a6 Rf1 46. a7 Rb1+ 47. Bb3 1-0